000 01724nam0a2200337 4500
001 RU\NLR\BIBL_A\022645182
005 20251218161204.0
010 _a978-5-88840-229-0
_985
021 _aRU
_bКН-П-25-053619
_9КН-П-25-5172
035 _a(NLR Aleph) 022645182
090 _a13506865
_c13506865
100 _a20251016d2025 u y0rusy50 ca
101 0 _arus
102 _aRU
105 _aa j 000zy
181 0 _ai3
_baxxe
182 0 _an
200 1 _aСравнительное правоведение: в схемах и определениях
_eучебное наглядное пособие
_fC. О. Волк-Леонович, А. В. Одинокова, Д. В. Орлов
_gМинистерство внутренних дел Российской Федерации, Нижегородская академия
203 _aТекст
_bвизуальный
_cнепосредственный
210 _aНижний Новгород
_cНА МВД России
_d2025
215 _a110 с.
_cсхем.
_d20
320 _aБиблиогр.: с. 107-110 (42 назв.)
606 1 _aСравнительное правоведение
_jСхемы
_2nlr_sh1
_2nlr_sh2
_3RU\NLR\AUTH\661382163
686 1 _aХ99я73
700 1 _aВолк-Леонович
_bС. О.
_cканд. юрид. наук
_gСтанислав Олегович
_3RU\NLR\AUTH\770147940
701 1 _aОдинокова
_bА. В.
_gАнастасия Владимировна
701 1 _aОрлов
_bД. В.
_cканд. юрид. наук
_gДмитрий Викторович
_3RU\NLR\AUTH\770288004
942 _cBOOK
980 _aNB